Statistics for Words Ending in "Board"

Click here to take the quiz!

General Stats

  • This quiz has been taken 405 times
    (380 since last reset)
  • The average score is 23 of 45

Answer Stats

HintAnswer% Correct
To be approving or a part of, or to introduce someone to a job{On} board
92%
Hang ten on this water vehicle{Surf}board
87%
Also called a chalkboard{Black}board
85%
Use it to make boxes{Card}board
83%
Home of the rook, pawn, and queen{Chess}board
79%
Tony Hawk's sport{Skate}board
78%
Fallen from a ship into the ocean{Over}board
76%
Found with erasable markers in classrooms{White}board
75%
Jump on this into a pool{Diving} board
70%
Smooth out wrinkles in clothes{Ironing} board
70%
You can bounce a basketball off this{Back}board
67%
Concentric rings with a bullseye in the middle{Dart}board
65%
Slice vegetables or meat{Cutting} board
63%
Opposite of "port" on a ship{Star}board
62%
Car screen with various symbols{Dash}board
60%
Find a restaurant's food list on this outside{Menu} board
60%
Stores or displays plates, mugs, etc.{Cup}board
58%
Taking a second look or try: "Back to the" this{Drawing} board
58%
Can put up posting and announcements{Bulletin} board
57%
Shaun White's sport{Snow}board
54%
Call to get on a vehicle{All} {A}board
52%
Phrase meaning "lodging and food"{Room} and board
52%
Pattern on Croatia's flag{Checker}board
50%
Shows who is best in an activity{Leader}board
50%
Parent-like main electronic component hub{Mother}board
50%
Laying-down beach item to ride waves{Boogie} board
46%
Dairy bites, meat, fruit, nuts{Cheese} board
46%
Telltale Heart was hidden under these{Floor}board(s)
46%
Connects electrical components{Circuit} board
43%
Region bordering the ocean eg. the "Eastern" one in the US{Sea}board
43%
SUP, or "stand-up" this water vehicle{Paddle}board
39%
Bounce off this in gymnastics{Spring}board
38%
Test your ability to stay upright with this{Balance} board
36%
In/of a variety of sectors/people{Across} the board
35%
Jump up using aggravated water trails behind a boat{Wake}board
33%
Old-fashioned way to clean clothes, or a musical instrument{Washing} board
32%
Has buttons and levers, like in a factory{Control} board
31%
Initial step to designing a show, film, comic, etc.{Story}board
30%
Wood with holes for hanging things or exercising{Peg}board
28%
Leave notes for other people{Message} board
22%
Harder material than paper for projects or prom asks{Poster}board
22%
Literal or figurative group/individual to bounce ideas off of{Sounding} Board
21%
Bigger flat personal vehicle{Long}board
14%
Physical or digital collage for ideas for a project{Mood} board
14%
Group that helps make decisions{Advisory} board
7%

Score Distribution

Percentile by Number Answered

Percent of People with Each Score

Your Score History

You have not taken this quiz since the last reset